000 00626cam a2200181 i 4500
005 20251108173632.0
008 250721s2005 sy gr 000 0 ara d
082 1 4 _a005.3
_bن ع ي
100 1 _aنعيم، مأمون
_eمعد.
245 1 0 _aأسرار و خفايا goagle /
_cإعداد الدكتور المهندس مأمون نعيم.
250 _aالطبعة الأولى.
264 1 _aدمشق :
_bشعاع للنشر و التوزيع،
_c2005.
300 _a368 صفحة.
650 1 7 _aبرامج الحاسوب.
650 1 7 _aالحواسيب.
942 _2ddc
_cBK
999 _c108674
_d108674